A fenntartható fejlődés új dimenziója az Arktisz és az EU /

Elmentve itt :
Bibliográfiai részletek
Szerző: Csatlós Erzsébet
Dokumentumtípus: Cikk
Megjelent: 2010
Sorozat:JOGELMÉLETI SZEMLE 11 No. 1
Tárgyszavak:
mtmt:1778935
Online Access:http://publicatio.bibl.u-szeged.hu/27493
LEADER 00682nab a2200193 i 4500
001 publ27493
005 20230621081809.0
008 230621s2010 hu o 0|| Magyar d
022 |a 1588-080X 
024 7 |a 1778935  |2 mtmt 
040 |a SZTE Publicatio Repozitórium  |b hun 
041 |a Magyar 
100 1 |a Csatlós Erzsébet 
245 1 2 |a A fenntartható fejlődés új dimenziója  |h [elektronikus dokumentum] :  |b az Arktisz és az EU /  |c  Csatlós Erzsébet 
260 |c 2010 
300 |a 1-17 
490 0 |a JOGELMÉLETI SZEMLE  |v 11 No. 1 
650 4 |a Jogtudomány 
856 4 0 |u http://publicatio.bibl.u-szeged.hu/27493/1/AfenntarthatofejlodesujdimenziojaazArktiszesazEU.pdf  |z Dokumentum-elérés